| 000 | 00503nam a2200181Ia 4500 | ||
|---|---|---|---|
| 005 | 20250508151333.0 | ||
| 008 | 008 250505s9999 xx 000 0 eng d | ||
| 037 | _aTextual | ||
| 040 |
_aFEDL _beng _cFEDL |
||
| 041 |
_aeng _2eng |
||
| 084 |
_a371.74, DAI _qFEDL |
||
| 100 |
_aDaiken Leslie _9758375 |
||
| 245 | 0 | _aTeaching through play | |
| 260 |
_aLondon, UK _bSir Isaac Pitman and Sons Limited _c1954 |
||
| 300 | _a98p. | ||
| 942 |
_cTEXL _h371.74, DAI |
||
| 999 |
_c1329138 _d1329138 |
||